000 00402nam a2200169Ia 4500
008 231221s9999 xx 000 0 und d
020 _a9790000000000
041 _aEnglish
082 _a001.6424LIN SMI;
100 _aSmith, Peter G
245 0 _aLinux network security
260 _c2005
_bShroff
_aMumbai
300 _axviii+541
300 _c47541
650 _aLinux,network
942 _cCD
999 _c203768
_d203768